000 01186nam a2200349 a 4500
001 000110231
003 CHAP
005 20220329144123.0
008 140805s2013 mx a |r| ||||||spa d
010 _a106693
011 _a107665
020 _a9786071203267
040 _cCHAP
082 0 4 _a678.2
_bA28
100 1 _aAguirre Ríos, César Enrique
_9126454
245 1 3 _aEl cultivo del árbol del hule (Hevea brasiliensis Muell Arg.) :
_bavances y retos en la gestión de la innovación /
_cpor César Enrique Aguirre Ríos y Vinicio Horacio Santoyo Cortés.
260 _aChapingo, Méx. :
_bUACH. CIESTAAM.,
_c2013.
300 _a134 P. :
_bil.
490 0 _aColección Trópico húmedo
590 _aE11695DGD
_b10
_c20140812
_lUCH01
_h1415
590 _aE11695DGD
_b10
_c20140812
_lUCH01
_h1425
590 _aE5765TAJ
_b05
_c20140805
_lUCH01
_h0905
650 1 4 _aCastilla elastica.
_920055
650 1 4 _aCaucho
_xCultivo.
_9126467
650 1 4 _aCaucho
_xMercadeo.
_920557
650 1 4 _aCaucho
_xRendimiento.
_920564
700 0 _aSantoyo Cortés, Vinicio Horacio.
_9102560
830 0 _aColección Trópico húmedo
_9127657
901 _aBK
942 _cLIBRO
942 _n0
999 _c106693
_d106693